000 00672nam a2200181Ia 4500
008 170510s9999 xx 000 0 und d
100 _aDonghee Kim
245 _aSymbolic ConsSymbolic Consumption in Upscale Cafés : Examining Korean Gen Y Consumers’ Materialism, Conformity, Conspicuous Tendencies, and Functional Qualitiesumption in Upscale Cafés
245 _cDonghee Kim, Soocheong (Shawn) Jang
260 _bSAGE
260 _c2017
300 _apages 154-179,February
440 _aJournal of Hospitality & Tourism Research
_v41:2
650 _aConspicuous consumption
650 _aGeneration Y
650 _aLuxury foodservice
650 _aMaterialism
999 _c329859
_d329859